Ο χειραφετημένος θεατής
Αποθηκεύτηκε σε:
| Κύριος συγγραφέας: | |
|---|---|
| Άλλοι συγγραφείς: | |
| Μορφή: | Βιβλίο |
| Γλώσσα: | Greek French |
| Δημοσίευση: |
Αθήνα :
Εκκρεμές,
2015.
|
| Θέματα: | |
| Ετικέτες: |
Προσθήκη ετικέτας
Δεν υπάρχουν, Καταχωρήστε ετικέτα πρώτοι!
|
MARC
| LEADER | 00000nam a2200000 a 4500 | ||
|---|---|---|---|
| 001 | 1/114117 | ||
| 008 | 170526s2015####gr |||||||||||||| ||gre|| | ||
| 020 | |a 9786185076108 | ||
| 040 | |a GR-MyUa |b gre |c GR-MyUa |e AACR2 | ||
| 041 | 1 | |a gre |h fre | |
| 082 | 7 | |a 111.85 |2 (23) | |
| 100 | 1 | |a Rancière, Jacques. | |
| 245 | 1 | 3 | |a Ο χειραφετημένος θεατής / |c Ζακ Ρανσιέρ ; μετάφραση Αλέξανδρος Κιουπκιόλης. |
| 260 | |a Αθήνα : |b Εκκρεμές, |c 2015. | ||
| 300 | |a 164 σ. ; |c 20 εκ. | ||
| 500 | |a Τίτλος πρωτοτύπου: Le spectateur emancipe. | ||
| 650 | 0 | |a Aesthetics. | |
| 650 | 0 | |a Image (Philosophy) | |
| 650 | 0 | |a Representation (Philosophy) | |
| 650 | 0 | |a Arts audiences |x Psychology. | |
| 650 | 0 | |a Art appreciation |x Philosophy. | |
| 700 | 1 | |a Κιουπκιολής, Αλέξανδρος, |e trl | |
| 852 | |a INST |b LESVOS |c EUDOXUS |e 20170526 |h 111.85 |p 005100059315 |q 005100059315 |t EDX |y 0 | ||
| 920 | |a Εύδοξος |b Παραγγελία |y Λέσβος-ΤΚΑΙ |z 2017-05 | ||
| 970 | |a Καμάτσου |b Δέσποινα |z 26-05-2017 | ||